00421nam a2200157Ia 4500008004100000020001500041041000800056082001700064100002300081245006300104250000600167260004400173300001100217650001200228700002300240210716s2007 xx 000 0 und d a8131407306 aeng a332.632 BANA aBanerjee, Arindam. aIPOs: concepts and experiences.bConcepts and experiences. a1 aHyderabadbICFAI University Pressc2007 avi,198 aFinance aBanerjee, Arindam.